Groundwater treatment technology /

Bibliographic Details
Main Author: Nyer, Evan K.
Format: Book
Language:English
Published: New York : Van Nostrand Reinhold, [1985]
Subjects:

MARC

Tag First Indicator Second Indicator Subfields
LEADER 00000cam a2200000 a 4500
001 in00000028961
005 20151007054748.0
008 841213s1985 nyua b 00110aeng
010 |a  84029099  
020 |a 0442267061 
035 |a (OCoLC)11550654 
035 |9 AAB6143AM 
040 |a DLC  |c DLC  |d m/c  |d TXA  |d UtOrBLW 
049 |a TXAM  |c [A11060777] 
050 0 0 |a TD426  |b .N94 1985 
082 0 |a 628.1/62  |2 19 
100 1 |a Nyer, Evan K. 
245 1 0 |a Groundwater treatment technology /  |c Evan K. Nyer. 
264 1 |a New York :  |b Van Nostrand Reinhold,  |c [1985] 
264 4 |c ©1985 
300 |a x, 188 pages :  |b illustrations ;  |c 24 cm. 
336 |a text  |b txt  |2 rdacontent 
337 |a unmediated  |b n  |2 rdamedia 
338 |a volume  |b nc  |2 rdacarrier 
504 |a Includes bibliographies and index. 
650 0 |a Groundwater  |x Purification. 
999 |a MARS 
999 f f |s f37282cf-70bf-35e0-b8e6-5950a8e4cdcc  |i 458ea1c3-d0a7-3381-a2d6-c6e1332c0634  |t 0 
952 f f |p ric  |a Texas A&M University  |b Rellis Campus  |c Joint Library Facility  |d Remote Storage  |t 0  |e TD426 .N94 1985  |h Library of Congress classification  |i unmediated -- volume  |m A14811060777 
998 f f |a TD426 .N94 1985  |t 0  |l Remote Storage